000 00804nam a2200097Ia 4500
005 20250424112855.0
008 250424s9999 xx 000 0 und d
300 _a vi, 123 p. 25 cm.
650 _aSince 1960 Economic development--Political aspects--Nigeria--Periodicals. Community development--Nigeria--Periodicals. Economic development--Political aspects--Africa, Sub-Saharan--Periodicals. Community development--Africa, Sub-Saharan--Periodicals. Community development. Economic development--Political aspects. Economic policy. Politics and government Nigeria--Politics and government--1960---Periodicals. Nigeria--Economic policy--Periodicals. Africa, Sub-Saharan--Politics and government--1960---Periodicals. Africa, Sub-Saharan--Economic policy--Periodicals. Africa, Sub-Saharan. Nigeria.
942 _cSR
999 _c37633
_d37633